[Event "Southend op"]
[Site "Southend"]
[Date "2024.03.30"]
[Round "6"]
[White "Gumularz, Szymon"]
[Black "Cherniaev, Alexander"]
[Result "1-0"]
[WhiteElo "2590"]
[BlackElo "2375"]
[PlyCount "49"]
[EventDate "2024.03.28"]
[EventType "swiss"]
[EventRounds "9"]
[EventCountry "ENG"]
[SourceTitle "CB14_2024"]
[SourceDate "2024.04.01"]
[SourceVersion "1"]
[SourceVersionDate "2024.04.01"]
[SourceQuality "1"]

1. d4 Nf6 2. Nf3 b6 3. c4 Bb7 4. g3 e6 5. Bg2 Bb4+ 6. Nbd2 a5 7. 0-0 0-0 8. Nb1 Be7 9. Nc3 Ne4 10. Qc2 Nxc3 11. bxc3 f5 12. Bh3 Qe8 13. Re1 Qh5 14. Bg2 Be4 15. Qa4 d6 16. Nd2 Bxg2 17. Kxg2 g5 18. Rb1 Qg6 19. Ba3 Na6 20. f3 Qe8 21. Qb5 g4 22. f4 Qxb5 23. cxb5 Nb8 24. e4 Kf7 25. Nc4 1-0

[Event "Southend op"]
[Site "Southend"]
[Date "2024.03.28"]
[Round "1"]
[White "Bezuidenhout, Roland Reinhold"]
[Black "Gumularz, Szymon"]
[Result "0-1"]
[WhiteElo "2273"]
[BlackElo "2590"]
[PlyCount "68"]
[EventDate "2024.03.28"]
[EventType "swiss"]
[EventRounds "9"]
[EventCountry "ENG"]
[SourceTitle "CB14_2024"]
[SourceDate "2024.04.01"]
[SourceVersion "1"]
[SourceVersionDate "2024.04.01"]
[SourceQuality "1"]

1. e4 c6 2. d4 d5 3. e5 Bf5 4. Nf3 e6 5. Be2 Ne7 6. c3 h6 7. 0-0 Nd7 8. Na3 Bh7 9. Nc2 Nf5 10. a4 Qc7 11. b4 a5 12. b5 c5 13. c4 dxc4 14. b6 Nxb6 15. Na3 cxd4 16. Nxd4 Rd8 17. Nab5 Qxe5 18. Bb2 Bc5 19. Nxf5 Qxf5 20. Nc7+ Ke7 21. Qc1 Rd7 22. Nb5 f6 23. Bc3 Nd5 24. Bd4 Bxd4 25. Nxd4 Qe5 26. Nxe6 Qxe6 27. Re1 Kd8 28. Qxc4 Qc6 29. Qd4 Qb6 30. Qg4 Qb4 31. Qg3 Qf4 32. Qa3 Kc8 33. Bb5 Rdd8 34. Qc5+ Kb8 0-1

[Event "Peterborough 4NCL Spring"]
[Site "Peterborough"]
[Date "2024.03.27"]
[Round "9"]
[White "Harvey, Marcus Ross"]
[Black "Gumularz, Szymon"]
[Result "1/2-1/2"]
[WhiteElo "2468"]
[BlackElo "2590"]
[PlyCount "115"]
[EventDate "2024.03.23"]
[EventType "tourn"]
[EventRounds "9"]
[EventCountry "ENG"]
[EventCategory "8"]
[SourceTitle "CB13_2024"]
[SourceDate "2024.03.27"]
[SourceVersion "1"]
[SourceVersionDate "2024.03.27"]
[SourceQuality "1"]

1. c4 e5 2. g3 c6 3. Nf3 e4 4. Nd4 d5 5. cxd5 Qxd5 6. Nc2 Nf6 7. Nc3 Qe5 8. Ne3 Bc5 9. Qc2 0-0 10. Bg2 Re8 11. b3 Na6 12. a3 Bxe3 13. dxe3 Bf5 14. b4 Qe6 15. Qa2 Qd7 16. 0-0 Bh3 17. Rd1 Qf5 18. Qd2 Nc7 19. Qe1 Bxg2 20. Kxg2 Ne6 21. h3 h5 22. Bb2 a5 23. Rab1 axb4 24. axb4 Red8 25. Qf1 Ng5 26. h4 Ne6 27. f3 Qg6 28. Ra1 Nc7 29. Nxe4 Nxe4 30. fxe4 Qxe4+ 31. Qf3 Qxf3+ 32. Kxf3 Rxd1 33. Rxd1 Ne6 34. Rd7 b5 35. Rd6 Rc8 36. Be5 Kf8 37. Rd7 Ke8 38. Ra7 Rd8 39. Ra6 Rd5 40. Ke4 Kd7 41. Ra7+ Ke8 42. Ra8+ Kd7 43. Ra7+ Ke8 44. Bd4 g6 45. Bf6 Rd2 46. Ke5 Rd5+ 47. Ke4 Rd2 48. Ra3 Rxe2 49. Ke5 Rd2 50. e4 Kd7 51. Ra7+ Nc7 52. Be7 Kxe7 53. Rxc7+ Kf8 54. Rxc6 Rb2 55. Kf6 Rf2+ 56. Ke5 Rb2 57. Kf6 Rf2+ 58. Ke5 1/2-1/2

[Event "Peterborough 4NCL Spring"]
[Site "Peterborough"]
[Date "2024.03.26"]
[Round "6"]
[White "Gumularz, Szymon"]
[Black "Wadsworth, Matthew J"]
[Result "1/2-1/2"]
[WhiteElo "2590"]
[BlackElo "2450"]
[PlyCount "99"]
[EventDate "2024.03.23"]
[EventType "tourn"]
[EventRounds "9"]
[EventCountry "ENG"]
[EventCategory "8"]
[SourceTitle "CB13_2024"]
[SourceDate "2024.03.27"]
[SourceVersion "1"]
[SourceVersionDate "2024.03.27"]
[SourceQuality "1"]

1. e4 e5 2. Nf3 Nc6 3. Bc4 Nf6 4. d3 Bc5 5. c3 d6 6. Bg5 h6 7. Bh4 a6 8. a4 g5 9. Bg3 Ba7 10. Nbd2 0-0 11. 0-0 Ne7 12. d4 Ng6 13. dxe5 Nh5 14. exd6 Nxg3 15. hxg3 Qxd6 16. Nd4 Bxd4 17. cxd4 Qxd4 18. Qc2 Bg4 19. Nb3 Qe5 20. Rae1 b5 21. Bd5 bxa4 22. Bxa8 axb3 23. Qc6 Qxb2 24. Qxa6 Ne5 25. Bd5 c6 26. Bxc6 Nxc6 27. Qxc6 Be6 28. Rd1 Rc8 29. Qd6 Qc3 30. Kh2 b2 31. f4 Ba2 32. e5 Qc2 33. f5 Qc6 34. Qe7 b1Q 35. Rxb1 Bxb1 36. Rxb1 Re8 37. Qd6 Qxd6 38. exd6 g4 39. Rd1 Kf8 40. Kg1 Ra8 41. Kf2 Ke8 42. Rh1 Ra5 43. Rh5 Re5 44. Rxh6 Rxf5+ 45. Ke3 Kd7 46. Rh4 Kxd6 47. Rxg4 Ra5 48. Re4 f5 49. Re8 Kd7 50. Rb8 1/2-1/2

[Event "Peterborough 4NCL Spring"]
[Site "Peterborough"]
[Date "2024.03.23"]
[Round "1"]
[White "Makkar, Rajat"]
[Black "Gumularz, Szymon"]
[Result "1/2-1/2"]
[WhiteElo "2434"]
[BlackElo "2590"]
[PlyCount "70"]
[EventDate "2024.03.23"]
[EventType "tourn"]
[EventRounds "9"]
[EventCountry "ENG"]
[EventCategory "8"]
[SourceTitle "CB13_2024"]
[SourceDate "2024.03.27"]
[SourceVersion "1"]
[SourceVersionDate "2024.03.27"]
[SourceQuality "1"]

1. d4 Nf6 2. c4 e6 3. Nc3 Bb4 4. e3 0-0 5. Bd2 b6 6. Nf3 Bxc3 7. Bxc3 Ne4 8. Qc2 Nxc3 9. Qxc3 Bb7 10. Bd3 f5 11. 0-0-0 Qf6 12. Kb1 c5 13. dxc5 Qxc3 14. bxc3 bxc5 15. Bc2 Kf7 16. e4 fxe4 17. Ng5+ Ke7 18. Nxe4 Bxe4 19. Bxe4 Nc6 20. Bxc6 dxc6 21. Rd2 Rf4 22. Re1 Raf8 23. f3 Rxc4 24. Rde2 Rb8+ 25. Kc2 Ra4 26. Rxe6+ Kf7 27. Rxc6 Rxa2+ 28. Kd3 Rxg2 29. Rxc5 Rd8+ 30. Kc4 Rxh2 31. Rc7+ Kg8 32. Rg1 g6 33. Ra1 Rh4+ 34. Kc5 Rh5+ 35. Kc6 Rf8 1/2-1/2

[Event "Bundesliga 2324"]
[Site "Germany"]
[Date "2024.03.16"]
[Round "12.3"]
[White "Neugebauer, Martin"]
[Black "Gumularz, Szymon"]
[Result "0-1"]
[WhiteElo "2529"]
[BlackElo "2581"]
[PlyCount "82"]
[EventDate "2023.10.21"]
[EventType "team-tourn"]
[EventRounds "15"]
[EventCountry "GER"]
[SourceTitle "CB13_2024"]
[SourceDate "2024.03.27"]
[SourceVersion "1"]
[SourceVersionDate "2024.03.27"]
[SourceQuality "1"]
[WhiteTeam "Heimbach Weis Neuwied"]
[BlackTeam "Kiel Turm"]
[WhiteTeamCountry "GER"]
[BlackTeamCountry "GER"]

1. e4 e6 2. d4 d5 3. Nd2 c5 4. exd5 Qxd5 5. Ngf3 cxd4 6. Bc4 Qd6 7. 0-0 Nf6 8. Nb3 Nc6 9. Nbxd4 Nxd4 10. Nxd4 Be7 11. Nb5 Qc6 12. Qe2 0-0 13. Re1 Rd8 14. c3 a6 15. Nd4 Qc7 16. Bg5 Nd5 17. Bxe7 Nxe7 18. Bb3 Ng6 19. Qe4 Bd7 20. Rad1 a5 21. Bc2 a4 22. a3 Qb6 23. h4 Ra5 24. Nf3 Qxb2 25. Qb4 Qxb4 26. cxb4 Raa8 27. Be4 Bc6 28. Bxc6 bxc6 29. Rc1 Ne7 30. Ne5 Ra6 31. Red1 Rd5 32. Nd7 h5 33. Rxd5 exd5 34. Re1 Nf5 35. Re8+ Kh7 36. Rc8 Nd6 37. Rb8 Nb5 38. Nc5 Ra7 39. Rc8 Nxa3 40. Rxc6 Nb5 41. Rb6 Nd4 0-1

[Event "Bremen Jubilee 125 op"]
[Site "Bremen"]
[Date "2024.03.09"]
[Round "8"]
[White "Gumularz, Szymon"]
[Black "Pajeken, Jakob Leon"]
[Result "1-0"]
[WhiteElo "2590"]
[BlackElo "2424"]
[PlyCount "115"]
[EventDate "2024.03.02"]
[EventType "swiss"]
[EventRounds "9"]
[EventCountry "GER"]
[SourceTitle "CB11_2024"]
[SourceDate "2024.03.13"]
[SourceVersion "1"]
[SourceVersionDate "2024.03.13"]
[SourceQuality "1"]

1. c4 e5 2. Nc3 Nf6 3. Nf3 Nc6 4. Qc2 g6 5. e3 Bg7 6. a3 a5 7. Be2 d5 8. cxd5 Nxd5 9. d3 0-0 10. 0-0 Re8 11. Bd2 Nxc3 12. Bxc3 a4 13. Rac1 Be6 14. Nd2 Bd5 15. Rfd1 Re7 16. Bg4 h6 17. h3 Kh7 18. e4 Be6 19. Bxe6 Rxe6 20. Nf3 Qd7 21. Bd2 b6 22. Be3 Ra7 23. Rb1 Nd4 24. Bxd4 exd4 25. Rdc1 Bf8 26. Re1 Ra5 27. Rbc1 Rc5 28. Qb1 Rxc1 29. Rxc1 c5 30. b3 Be7 31. Qc2 axb3 32. Qxb3 Kg7 33. a4 Bd6 34. Rb1 Bc7 35. Qc4 Rf6 36. Kf1 Qe7 37. Rb5 Qd7 38. a5 bxa5 39. Rxc5 Bb6 40. Rc8 Re6 41. Qc2 Bd8 42. Rc4 Bf6 43. Kg1 Qd6 44. g3 Qb6 45. Kg2 Re7 46. Rc6 Qb4 47. Rc8 Qb7 48. Rc5 Qa8 49. Qa4 Ra7 50. Nxd4 Qf8 51. Nb3 Rb7 52. Nxa5 Qxc5 53. Nxb7 Qc7 54. Qb5 Bd4 55. Qd5 Bb6 56. Nd6 Qa7 57. Qe5+ Kg8 58. Nc8 1-0

[Event "Bremen Jubilee 125 op"]
[Site "Bremen"]
[Date "2024.03.04"]
[Round "3"]
[White "Cheng, Bobby Sky"]
[Black "Gumularz, Szymon"]
[Result "1/2-1/2"]
[WhiteElo "2584"]
[BlackElo "2590"]
[PlyCount "40"]
[EventDate "2024.03.02"]
[EventType "swiss"]
[EventRounds "9"]
[EventCountry "GER"]
[SourceTitle "CB11_2024"]
[SourceDate "2024.03.13"]
[SourceVersion "1"]
[SourceVersionDate "2024.03.13"]
[SourceQuality "1"]

1. d4 Nf6 2. c4 e6 3. Nf3 d5 4. g3 Bb4+ 5. Bd2 Be7 6. Bg2 0-0 7. 0-0 c6 8. Qc2 Nbd7 9. b3 b6 10. Nc3 Ba6 11. e4 dxc4 12. Rfe1 b5 13. bxc4 bxc4 14. Qa4 Qc8 15. Rab1 Rd8 16. Bf4 h6 17. Qc2 Nh5 18. Be3 Nhf6 19. Bf4 Nh5 20. Be3 Nhf6 1/2-1/2

[Event "Bundesliga 2324"]
[Site "Germany"]
[Date "2024.02.23"]
[Round "9.8"]
[White "Papp, Gabor"]
[Black "Gumularz, Szymon"]
[Result "1/2-1/2"]
[WhiteElo "2530"]
[BlackElo "2581"]
[PlyCount "84"]
[EventDate "2023.10.21"]
[EventType "team-tourn"]
[EventRounds "15"]
[EventCountry "GER"]
[SourceTitle "CB09_2024"]
[SourceDate "2024.02.28"]
[SourceVersion "1"]
[SourceVersionDate "2024.02.28"]
[SourceQuality "1"]
[WhiteTeam "Hamburger SK"]
[BlackTeam "Kiel Turm"]
[WhiteTeamCountry "GER"]
[BlackTeamCountry "GER"]

1. e4 e5 2. Nf3 Nc6 3. Bc4 Bc5 4. c3 Nf6 5. d3 d6 6. Bg5 h6 7. Bh4 a6 8. a4 Ba7 9. Nbd2 Qe7 10. 0-0 g5 11. Bg3 Nd7 12. b4 Nf8 13. Bd5 Nd8 14. d4 Ng6 15. dxe5 dxe5 16. Nc4 f6 17. Ne3 Bxe3 18. fxe3 c6 19. Bc4 Be6 20. Nd2 0-0 21. a5 Nf7 22. Bxe6 Qxe6 23. Nb3 Rad8 24. Qh5 Kg7 25. Nc5 Qe7 26. Qg4 Rd6 27. Rad1 Rfd8 28. Rxd6 Rxd6 29. Rd1 Rxd1+ 30. Qxd1 Nf8 31. Qg4 Nd8 32. Qc8 Nfe6 33. Nxe6+ Nxe6 34. c4 Nd8 35. c5 Ne6 36. h3 h5 37. h4 g4 38. Kh2 Qf7 39. Bf2 Nf8 40. Qf5 Qe8 41. Bg3 Qf7 42. Bf2 Qe8 1/2-1/2

[Event "Speed Chess Poland"]
[Site "Chess.com INT"]
[Date "2024.01.23"]
[Round "1.5"]
[White "Gumularz, Szymon"]
[Black "Kosakowski, Jakub"]
[Result "1-0"]
[WhiteElo "2591"]
[BlackElo "2486"]
[PlyCount "77"]
[EventDate "2024.01.19"]
[EventType "k.o. (blitz)"]
[EventRounds "4"]
[EventCountry "POL"]
[SourceTitle "CB05_2024"]
[SourceDate "2024.01.31"]
[SourceVersion "1"]
[SourceVersionDate "2024.01.31"]
[SourceQuality "1"]

1. Nf3 Nf6 2. g3 c5 3. Bg2 Nc6 4. d4 cxd4 5. Nxd4 g6 6. c4 Bg7 7. Nc3 0-0 8. 0-0 Nxd4 9. Qxd4 d6 10. Qd3 Bf5 11. e4 Be6 12. Bd2 a6 13. b3 Rb8 14. a4 Nd7 15. Rab1 Nc5 16. Qc2 f5 17. Rfe1 Qd7 18. a5 Kh8 19. Rbd1 fxe4 20. Nxe4 Bg4 21. Rc1 Bf5 22. Be3 Rbc8 23. Nxc5 Rxc5 24. Qd2 Rcc8 25. Bd4 Bxd4 26. Qxd4+ e5 27. Qb6 Qc7 28. Red1 Rfd8 29. b4 Qxb6 30. axb6 e4 31. h3 h5 32. Rd4 Rc6 33. c5 Rdc8 34. g4 hxg4 35. hxg4 dxc5 36. bxc5 Bxg4 37. Rxe4 Bh5 38. Re7 Rxb6 39. Bxb7 1-0

[Event "Speed Chess Poland"]
[Site "Chess.com INT"]
[Date "2024.01.23"]
[Round "1.13"]
[White "Gumularz, Szymon"]
[Black "Kosakowski, Jakub"]
[Result "1-0"]
[WhiteElo "2591"]
[BlackElo "2486"]
[PlyCount "69"]
[EventDate "2024.01.19"]
[EventType "k.o. (blitz)"]
[EventRounds "4"]
[EventCountry "POL"]
[SourceTitle "CB05_2024"]
[SourceDate "2024.01.31"]
[SourceVersion "1"]
[SourceVersionDate "2024.01.31"]
[SourceQuality "1"]

1. e4 c6 2. d4 d5 3. e5 Bf5 4. Nf3 e6 5. Be2 Ne7 6. c3 Ng6 7. 0-0 h5 8. Ne1 Nd7 9. Nc2 f6 10. f4 Qb6 11. Ne3 Bxb1 12. Rxb1 0-0-0 13. Bxh5 Ne7 14. Bf7 c5 15. b4 cxd4 16. Qxd4 fxe5 17. fxe5 Qc7 18. Bxe6 Kb8 19. Bxd7 Qxd7 20. b5 Ng6 21. Nf5 Rc8 22. Qd3 Bc5+ 23. Kh1 Ka8 24. Qg3 Qe6 25. Nxg7 Qxe5 26. Qxe5 Nxe5 27. Bf4 Nd3 28. Bg3 Rcg8 29. Nf5 Rxg3 30. Nxg3 Nf2+ 31. Rxf2 Bxf2 32. Nf5 Rc8 33. Rf1 Rxc3 34. g4 Bc5 35. g5 1-0

[Event "Speed Chess Poland"]
[Site "Chess.com INT"]
[Date "2024.01.23"]
[Round "1.12"]
[White "Kosakowski, Jakub"]
[Black "Gumularz, Szymon"]
[Result "1-0"]
[WhiteElo "2486"]
[BlackElo "2591"]
[PlyCount "143"]
[EventDate "2024.01.19"]
[EventType "k.o. (blitz)"]
[EventRounds "4"]
[EventCountry "POL"]
[SourceTitle "CB05_2024"]
[SourceDate "2024.01.31"]
[SourceVersion "1"]
[SourceVersionDate "2024.01.31"]
[SourceQuality "1"]

1. e4 e6 2. d4 d5 3. Bd3 dxe4 4. Bxe4 Nf6 5. Bf3 Be7 6. Ne2 0-0 7. 0-0 c5 8. Be3 Nbd7 9. Nbc3 cxd4 10. Nxd4 Ne5 11. Qe2 Qc7 12. Ndb5 Qb8 13. Bf4 Nxf3+ 14. Qxf3 e5 15. Rfe1 Nd7 16. Nd5 Bd8 17. Bg3 a6 18. Nbc3 f5 19. Qh5 f4 20. Bh4 Nf6 21. Nxf6+ Bxf6 22. Nd5 Be6 23. Bxf6 gxf6 24. Nxf4 Bf7 25. Qg4+ Kh8 26. Nh5 Rg8 27. Qf5 Bxh5 28. Qxh5 Qc7 29. Qf5 Qc6 30. g3 Rg5 31. Qd3 Rag8 32. Rad1 R5g7 33. Qd6 Rc7 34. c3 Qxd6 35. Rxd6 Rf8 36. Red1 Rff7 37. Kg2 Kg7 38. h4 h5 39. Kf3 Kg6 40. Rb6 Kf5 41. Rdd6 Rc4 42. Rd8 Ra4 43. a3 Rc4 44. Rb8 Rcc7 45. Rh8 Kg6 46. Rg8+ Kf5 47. Ke2 e4 48. Re8 Rc4 49. Rb4 Rxb4 50. axb4 Rd7 51. Rh8 Kg6 52. Rg8+ Kf5 53. Re8 Rd6 54. Re7 b5 55. Rc7 Kg6 56. b3 f5 57. c4 Rd3 58. Rc6+ Kg7 59. cxb5 axb5 60. Rc5 Kf6 61. Rxb5 Rxb3 62. Rb8 Rb2+ 63. Kf1 Ke5 64. b5 f4 65. Re8+ Kd4 66. gxf4 Rxb5 67. Rd8+ Kc3 68. Ke2 Rb1 69. Rh8 Rb5 70. Ke3 Kc4 71. Kxe4 Rb2 72. Rc8+ 1-0

[Event "Speed Chess Poland"]
[Site "Chess.com INT"]
[Date "2024.01.23"]
[Round "1.18"]
[White "Kosakowski, Jakub"]
[Black "Gumularz, Szymon"]
[Result "1/2-1/2"]
[WhiteElo "2486"]
[BlackElo "2591"]
[PlyCount "127"]
[EventDate "2024.01.19"]
[EventType "k.o. (blitz)"]
[EventRounds "4"]
[EventCountry "POL"]
[SourceTitle "CB05_2024"]
[SourceDate "2024.01.31"]
[SourceVersion "1"]
[SourceVersionDate "2024.01.31"]
[SourceQuality "1"]

1. e4 e5 2. Nf3 Nc6 3. Bc4 Bc5 4. Nc3 d6 5. h3 Nf6 6. 0-0 0-0 7. a3 Be6 8. d3 Bxc4 9. dxc4 Bd4 10. Nxd4 exd4 11. Ne2 Nxe4 12. Nxd4 Qf6 13. Be3 Ne5 14. b3 a6 15. Re1 Rae8 16. Ne2 Ng6 17. Qd3 Nc5 18. Bxc5 dxc5 19. Ng3 Nf4 20. Qd7 Rxe1+ 21. Rxe1 Ne6 22. Qd3 Rd8 23. Qe3 h6 24. Ne4 Qf5 25. c3 b6 26. Re2 Rd1+ 27. Re1 Rxe1+ 28. Qxe1 Qe5 29. Qe3 f5 30. Ng3 Qxe3 31. fxe3 g6 32. Kf2 Kf7 33. Ne2 Kf6 34. Nf4 c6 35. Nd3 Ng5 36. b4 Ne4+ 37. Kf3 Nxc3 38. bxc5 b5 39. cxb5 Nxb5 40. Nb4 Nxa3 41. Nxc6 Ke6 42. Nd4+ Kd7 43. e4 fxe4+ 44. Kxe4 Nb5 45. Nb3 Kc6 46. Ke5 Nc3 47. Kd4 Ne2+ 48. Kc4 Nf4 49. Nd4+ Kd7 50. g3 Nxh3 51. Kd5 Ng5 52. c6+ Kc7 53. Ke5 Nf7+ 54. Kf6 Nd8 55. Kxg6 Nxc6 56. Nxc6 Kxc6 57. Kxh6 a5 58. g4 a4 59. g5 a3 60. g6 a2 61. g7 a1Q 62. g8Q Qf6+ 63. Qg6 Qxg6+ 64. Kxg6 1/2-1/2

[Event "Speed Chess Poland"]
[Site "Chess.com INT"]
[Date "2024.01.23"]
[Round "1.22"]
[White "Kosakowski, Jakub"]
[Black "Gumularz, Szymon"]
[Result "1-0"]
[WhiteElo "2486"]
[BlackElo "2591"]
[PlyCount "71"]
[EventDate "2024.01.19"]
[EventType "k.o. (blitz)"]
[EventRounds "4"]
[EventCountry "POL"]
[SourceTitle "CB05_2024"]
[SourceDate "2024.01.31"]
[SourceVersion "1"]
[SourceVersionDate "2024.01.31"]
[SourceQuality "1"]

1. e4 e5 2. Nf3 Nc6 3. Bb5 a6 4. Ba4 Nf6 5. 0-0 d6 6. c3 Bd7 7. d4 g6 8. Re1 Bg7 9. Nbd2 0-0 10. Bxc6 Bxc6 11. dxe5 dxe5 12. Qc2 Nd7 13. Nc4 b6 14. Bg5 Qe8 15. Rad1 Qe6 16. b3 f5 17. exf5 Rxf5 18. Nd4 Qd5 19. Ne3 exd4 20. Nxd5 Bxd5 21. Bh4 c5 22. cxd4 Bxd4 23. Rxd4 cxd4 24. Qd2 Raf8 25. Qxd4 Bc6 26. Qd6 Rc5 27. Qe6+ Rf7 28. h3 Kg7 29. Qe3 a5 30. Qd4+ Kh6 31. Bg3 Rcf5 32. Qd2+ Kg7 33. Qc3+ R5f6 34. Bh4 Bd5 35. Bxf6+ Nxf6 36. Qd4 1-0

[Event "Speed Chess Poland"]
[Site "Chess.com INT"]
[Date "2024.01.21"]
[Round "1.23"]
[White "Gumularz, Szymon"]
[Black "Kosakowski, Jakub"]
[Result "1-0"]
[WhiteElo "2591"]
[BlackElo "2486"]
[PlyCount "79"]
[EventDate "2024.01.19"]
[EventType "k.o. (blitz)"]
[EventRounds "4"]
[EventCountry "POL"]
[SourceTitle "CB05_2024"]
[SourceDate "2024.01.31"]
[SourceVersion "1"]
[SourceVersionDate "2024.01.31"]
[SourceQuality "1"]

1. d4 Nf6 2. Nf3 d5 3. Bf4 c5 4. e3 Nc6 5. Nbd2 cxd4 6. exd4 Bf5 7. Bb5 e6 8. Ne5 Qb6 9. c4 Be7 10. Qa4 0-0 11. c5 Qd8 12. Bxc6 bxc6 13. Nxc6 Qd7 14. Nxe7+ Qxe7 15. Bd6 Qb7 16. Bxf8 Qxb2 17. 0-0 Qxd2 18. Bd6 Ne4 19. Bg3 h5 20. Rad1 Qg5 21. Qb3 h4 22. Be5 h3 23. g3 Qh5 24. f3 Ng5 25. g4 Nxf3+ 26. Qxf3 Bxg4 27. Qg3 f6 28. Bxf6 gxf6 29. Rxf6 Kh8 30. Rdf1 Rg8 31. Rf8 Rxf8 32. Rxf8+ Kg7 33. Rf1 Kh7 34. c6 Bf5 35. c7 Qe8 36. Kf2 Qc6 37. Qh4+ Kg7 38. Rg1+ Bg6 39. Qe7+ Kh6 40. Qg5+ 1-0

[Event "Krakow op-A 34th"]
[Site "Krakow"]
[Date "2024.01.02"]
[Round "7"]
[White "Bogdanov, Egor"]
[Black "Gumularz, Szymon"]
[Result "1/2-1/2"]
[WhiteElo "2394"]
[BlackElo "2576"]
[PlyCount "30"]
[EventDate "2023.12.27"]
[EventType "swiss"]
[EventRounds "9"]
[EventCountry "POL"]
[SourceTitle "CB02_2024"]
[SourceDate "2024.01.10"]
[SourceVersion "1"]
[SourceVersionDate "2024.01.10"]
[SourceQuality "1"]

1. e4 c5 2. c3 Nf6 3. e5 Nd5 4. d4 cxd4 5. Nf3 Nc6 6. Bc4 Nb6 7. Bb3 d5 8. exd6 Qxd6 9. Na3 a6 10. 0-0 Bf5 11. Nxd4 Nxd4 12. cxd4 e6 13. Nc4 Nxc4 14. Bxc4 Rc8 15. Bb3 Be7 1/2-1/2

[Event "London GM-A"]
[Site "London"]
[Date "2023.12.06"]
[Round "4"]
[White "Gumularz, Szymon"]
[Black "Makkar, Rajat"]
[Result "1-0"]
[WhiteElo "2576"]
[BlackElo "2465"]
[PlyCount "101"]
[EventDate "2023.12.05"]
[EventType "tourn"]
[EventRounds "9"]
[EventCountry "ENG"]
[EventCategory "10"]
[SourceTitle "CB50_2023"]
[SourceDate "2023.12.13"]
[SourceVersion "1"]
[SourceVersionDate "2023.12.13"]
[SourceQuality "1"]

1. c4 c6 2. Nf3 d5 3. e3 Nf6 4. Nc3 e6 5. b3 Bd6 6. Bb2 0-0 7. d4 Nbd7 8. Be2 b6 9. 0-0 Bb7 10. Qc2 Qe7 11. Rad1 Rad8 12. Rfe1 Rfe8 13. Bf1 c5 14. cxd5 exd5 15. dxc5 bxc5 16. Ne2 Ne4 17. Ng3 Nxg3 18. hxg3 Rc8 19. Qf5 Ne5 20. Be2 Qe6 21. Qxe6 Rxe6 22. Ng5 Re7 23. Ne4 dxe4 24. Rxd6 Nd3 25. Bxd3 exd3 26. Rc1 f6 27. Rxd3 Rec7 28. g4 h6 29. f3 Kf7 30. e4 Ke8 31. e5 fxe5 32. Bxe5 Re7 33. Bd6 Rd7 34. Rxc5 Rxc5 35. Re3+ Kf7 36. Bxc5 Bc6 37. Rc3 a6 38. Be3 Bb5 39. Kf2 Rb7 40. Rc5 Bd7 41. Bd4 Bb5 42. Ke3 g6 43. Be5 Ke6 44. Bf4 g5 45. Be5 Rd7 46. Bd4 Kd6 47. Rc2 Kd5 48. Rd2 Re7+ 49. Kf2 Re6 50. Bg7+ Kc5 51. Bf8+ 1-0

[Event "POL Superleague Rapid Final"]
[Site "Bydgoszcz"]
[Date "2023.11.25"]
[Round "1.17"]
[White "Kosakowski, Jakub"]
[Black "Gumularz, Szymon"]
[Result "0-1"]
[WhiteElo "2485"]
[BlackElo "2580"]
[PlyCount "116"]
[EventDate "2023.11.25"]
[EventType "team-k.o. (rapid)"]
[EventRounds "2"]
[EventCountry "POL"]
[SourceTitle "CB48_2023"]
[SourceDate "2023.11.29"]
[SourceVersion "1"]
[SourceVersionDate "2023.11.29"]
[SourceQuality "1"]
[WhiteTeam "Pegow Wieza"]
[BlackTeam "Wroclaw Polonia"]
[WhiteTeamCountry "POL"]
[BlackTeamCountry "POL"]

1. e4 c6 2. d4 d5 3. e5 c5 4. Nf3 cxd4 5. Qxd4 Nc6 6. Qf4 e6 7. Bd3 Nb4 8. Bd2 Nxd3+ 9. cxd3 Ne7 10. Nc3 Ng6 11. Qg3 Bd7 12. h4 h5 13. Ne2 Qb6 14. 0-0 Qb5 15. Rac1 Qxd3 16. Nf4 Nxf4 17. Bxf4 Qf5 18. Rc7 b6 19. Rfc1 Qg4 20. Ng5 Qxg3 21. Bxg3 Bc5 22. Nxf7 Kxf7 23. Rxd7+ Kg6 24. a3 Rhc8 25. Rc3 Bd4 26. Rf3 Bxb2 27. Rff7 Rg8 28. Rxa7 Rxa7 29. Rxa7 Kf5 30. Kf1 Bxe5 31. Bxe5 Kxe5 32. Rb7 g6 33. Rxb6 Ra8 34. Rb3 Ra4 35. Rg3 Kf6 36. Rf3+ Ke7 37. Rg3 Kf6 38. Rf3+ Ke7 39. Rg3 Rxh4 40. Rxg6 Ra4 41. Rh6 h4 42. Ke2 e5 43. f3 Rxa3 44. Rxh4 Ra2+ 45. Kf1 Kd6 46. Rh5 d4 47. Rh8 Kd5 48. Rd8+ Kc4 49. Re8 Ra1+ 50. Kf2 d3 51. Rc8+ Kd4 52. Rd8+ Kc3 53. Ke3 Re1+ 54. Kf2 d2 55. g4 d1Q 56. Rxd1 Rxd1 57. g5 Kd4 58. g6 Ra1 0-1

[Event "EU-chT 24th"]
[Site "Budva"]
[Date "2023.11.12"]
[Round "2.10"]
[White "Borisek, Jure"]
[Black "Gumularz, Szymon"]
[Result "1/2-1/2"]
[WhiteElo "2568"]
[BlackElo "2580"]
[PlyCount "64"]
[EventDate "2023.11.11"]
[EventType "team-swiss"]
[EventRounds "9"]
[EventCountry "MNE"]
[SourceTitle "CB47_2023"]
[SourceDate "2023.11.22"]
[SourceVersion "1"]
[SourceVersionDate "2023.11.22"]
[SourceQuality "1"]
[WhiteTeam "Slovenia"]
[BlackTeam "Poland"]
[WhiteTeamCountry "SLO"]
[BlackTeamCountry "POL"]

1. e4 c6 2. Nf3 d5 3. d3 dxe4 4. dxe4 Qxd1+ 5. Kxd1 Nf6 6. Nfd2 g6 7. f3 Bh6 8. Nc4 Bxc1 9. Kxc1 Be6 10. Ne3 Nbd7 11. a4 0-0-0 12. Bc4 Bxc4 13. Nxc4 g5 14. Nbd2 Rhg8 15. Ra3 h5 16. a5 Kc7 17. Re1 h4 18. Rc3 Nh5 19. Ne3 Ne5 20. Ndc4 Nxc4 21. Rxc4 e6 22. Ng4 f6 23. b4 a6 24. Nf2 Nf4 25. g3 Ng6 26. Ng4 Rgf8 27. Rd1 Rxd1+ 28. Kxd1 f5 29. exf5 exf5 30. Nf2 Ne5 31. Rc3 hxg3 32. hxg3 Rh8 1/2-1/2

[Event "Berlin Radtke Memorial op"]
[Site "Berlin"]
[Date "2023.10.26"]
[Round "5"]
[White "Faerber, David"]
[Black "Gumularz, Szymon"]
[Result "1/2-1/2"]
[WhiteElo "2375"]
[BlackElo "2581"]
[PlyCount "74"]
[EventDate "2023.10.23"]
[EventType "swiss"]
[EventRounds "9"]
[EventCountry "GER"]
[SourceTitle "Mega2024 Update 01"]
[Source "Chessbase"]
[SourceDate "2023.11.12"]
[SourceVersion "1"]
[SourceVersionDate "2023.11.12"]
[SourceQuality "1"]

1. e4 e5 2. Nf3 Nc6 3. Bb5 Nge7 4. 0-0 Ng6 5. d4 exd4 6. Nxd4 Bc5 7. Nb3 Bb6 8. Nc3 a6 9. Bd3 0-0 10. Qe2 d6 11. Be3 Bxe3 12. Qxe3 Nb4 13. Rad1 Nxd3 14. Qxd3 Ne5 15. Qe3 Nc4 16. Qc1 b5 17. a4 Bd7 18. axb5 axb5 19. Nd4 c6 20. b3 Nb6 21. Qf4 Qe7 22. Rfe1 Rfe8 23. Nf3 Nc8 24. Re3 h6 25. h3 Ra6 26. Ne2 Ra2 27. Ned4 c5 28. Nf5 Qf6 29. c3 Bxf5 30. exf5 Rxe3 31. Qxe3 Ne7 32. Qd3 Nxf5 33. Qxb5 g6 34. Qd3 Nh4 35. Nxh4 Qxf2+ 36. Kh2 Qxh4 37. Qxd6 Qf2 1/2-1/2